| 000 | 00755cam a2200277 a 4500 | ||
|---|---|---|---|
| 001 | 793168 | ||
| 003 | OSt | ||
| 005 | 20140310181934.0 | ||
| 008 | 891102s1985 enka j 000 1deng d | ||
| 020 | _a185304413X | ||
| 035 | _a(OCoLC)15613149 | ||
| 035 | _a(OCoLC)ocm15613149 | ||
| 035 | _a(CStRLIN)NYCG89-B78608 | ||
| 035 | _a(NNC)793168 | ||
| 040 |
_aNNC _cNNC |
||
| 050 |
_aPR 4842 _b.K55 1992 |
||
| 082 |
_aCLA _bK61w 1992 |
||
| 100 | 1 |
_aKingsley, Charles, _d1819-1875. _93283 |
|
| 245 | 1 | 4 |
_aThe water-babies : _ba fairy-tale for a land-baby / _cCharles Kingsley |
| 260 |
_aGreat Britain : _bRavette Books, _cc1992. |
||
| 300 |
_a250 p. : _c18 cm. |
||
| 541 | _j1 | ||
| 562 | _e1 | ||
| 650 |
_a Fiction. _9746 |
||
| 942 |
_2lcc _cBBK _kCLA |
||
| 999 |
_c7505 _d7505 |
||